000
00306nam a2200109Ia 4500
008
210430s9999 xx 000 0 und d
082
_a
355 G112C
100
_a
Richar A. Garbiel, Paul L. Savage
_9
54630
245
_a
Crisis in Command
_c
Richar A. Garbiel, Paul L. Savage
300
_a
242
942
_c
BK
_2
ddc
999
_c
565267
_d
565267